A Handguide to the butter flies and moths of Britain and Europe

Bibliographic Details
Main Author: Wilkinson, John
Format: Book
Published: London : Treasure Press , 1990
Subjects:

MARC

LEADER 00000cam a2200000 7i4500
001 0000004730
002 000005100
005 20000330.0
020 |a 1850511152 
090 0 0 |a 595.789   |b WIL 
100 1 |a Wilkinson, John 
245 1 2 |a A Handguide to the butter flies and moths of Britain and Europe   |c John Wilkinson and Michael Tweedie 
260 |a London :   |b Treasure Press ,   |c 1990 
300 |a 128p. ;   |c 20cm. 
650 0 0 |a Butterflies   |x Handbooks, manuals, etc 
650 0 0 |a Moths 
999 |a 035389   |b BUKU   |c PINJAMAN   |e PERPUSTAKAAN KOMUNITI PETALING JAYA